Function Spaces and Applications (Record no. 12890)

MARC details
000 -LEADER
fixed length control field 00467nam a2200181Ia 4500
008 - FIXED-LENGTH DATA ELEMENTS--GENERAL INFORMATION
fixed length control field 230524s9999 xx 000 0 und d
020 ## - INTERNATIONAL STANDARD BOOK NUMBER
ISBN 8173193355
082 ## - DEWEY DECIMAL CLASSIFICATION NUMBER
Classification number 510.21
Item number EDM
100 ## - MAIN ENTRY--AUTHOR NAME
Personal name David E.Edmunds
245 #0 - TITLE STATEMENT
Title Function Spaces and Applications
250 ## - EDITION STATEMENT
Edition statement 1ST
260 ## - PUBLICATION, DISTRIBUTION, ETC. (IMPRINT)
Place of publication NEW DELHI
Name of publisher Narosa
Year of publication 2000
300 ## - PHYSICAL DESCRIPTION
Number of Pages VIII;278
500 ## - GENERAL NOTE
General note Quantity Number: 2
650 ## - SUBJECT ADDED ENTRY--TOPICAL TERM
Topical Term Mathematics
700 ## - ADDED ENTRY--PERSONAL NAME
Personal name " Pawan K.Jain , Pankaj Jain et.al,,,"
942 ## - ADDED ENTRY ELEMENTS (KOHA)
Koha item type Books
Holdings
Lost status Damaged status Permanent Location Current Location Shelving location Date acquired Full call number Accession Number Koha item type
    Central Library, Trident Academy of Technology Central Library, Trident Academy of Technology General Stacks 05/24/2023 510.21 EDM 6616 Books
    Central Library, Trident Academy of Technology Central Library, Trident Academy of Technology General Stacks 05/24/2023 510.21 EDM 6617 Books
Trident Academy of Technology © 2023.
All rights reserved.                                                                                                                                                                                                        Designed by Team of Central Library .

Powered by Koha